000 00499nam a2200181Ia 4500
005 20250923144416.0
008 008 250917s9999 xx 000 0 eng d
037 _aTextual
040 _aDSWL
_beng
_cDSWL
041 _aeng
_2eng
084 _aY1:52:5J:2:N4, H9
_qDSWL
100 _aKumarappa, P.N
_9824602
245 0 _aOur food problem
_cby P.N Kumarappa
260 _c1949
300 _a107 p.
942 _cTEXL
_hY1:52:5J:2:N4, H9
999 _c1438490
_d1438490